Devine le Film à la critique Letterboxd - Statistiques

Statistiques générales
  • Ce quiz a été pris 1 880 fois
  • Le résultat moyen est 7 sur 15
Statistiques - réponses
Description Date de Sortie du Film Titre du Film % Correct
"Beaucoup trop de sable. Un vrai cauchemar." 2021 Dune
81%
"mec, quoi ? pas un seul p*tain d'agneau en vue. on parle de publicité mensongère là." 1991 Le Silence des Agneaux
80%
"Ce film est à ch*er. Brad Pitt pue la m*rde. Au diable ce film et Titanic. Je mets une demi-étoile parce que j’aime le savon et il y a du savon sur la couverture." 1999 Fight Club
79%
"La la lèche mes c*uilles" 2016 La La Land
68%
"Le saviez-vous ? Quentin Tarantino est devenu réalisateur juste pour avoir une excuse de dire le n-word" 1994 Pulp Fiction
64%
"Si ce film avait eu 13 mecs, cette m*rde aurait été excellente." 1957 12 hommes en colère
55%
"Des hommes blancs et riches dégradent les femmes et consomment de la drogue. Remarquable !" 2013 Le Loup de Wall Street
50%
"Je suis daltonien pour le bleu, donc j'ai rien capté de ce qu'il se passait." 2009 Avatar
49%
"En tant que clown qui porte un costume pour gagner sa vie, j’ai trouvé ça culturellement insensible." 2019 Joker
44%
"J’espère que quelqu’un ira p*sser sur la tombe de Kubrick pour Halloween." 1980 Shining
39%
"Le conducteur est un homme adulte." 2017 Baby Driver
23%
"haha ils ont fait de cette scène de zootopie un film" 1972 Le Parrain
18%
"Très irréaliste, s'ils voulaient être riches, ils auraient dû travailler dur pour l'être." 2019 Parasite
18%
"fait par des gens stupides, à propos de gens intelligents, pour des gens stupides" 2014 Interstellar
15%
"Tout va bien, à part ce qui concerne les français" 1995 La Haine
11%
Aucun quiz correspondant
Distribution des résultats
% des personnes avec chaque résultat
Percentile par nombre de réponses
Votre historique - résultats
Vous n’avez pas pris ce quiz